[Event "20th European Teams Women"]
[Site "Reykjavik ISL"]
[Date "2015.11.16"]
[Round "4.8"]
[Board "1"]
[White "Daulyte, Deimante"]
[Black "Vega Gutierrez, Sabrina"]
[Result "0-1"]
[WhiteTitle "IM"]
[BlackTitle "IM"]
[WhiteElo "2369"]
[BlackElo "2392"]
[WhiteTeam "Lithuania"]
[BlackTeam "Spain"]
[WhiteFideId "12802859"]
[BlackFideId "2219026"]
[EventDate "2015.11.13"]

1. e4 c5 2. Nf3 e6 3. Nc3 Nc6 4. d4 cxd4 5. Nxd4 a6 6. Be2 d6 7. O-O Nf6 8. Be3
Be7 9. f4 Bd7 10. Qe1 O-O 11. Qg3 b5 12. e5 Nxd4 13. Bxd4 dxe5 14. fxe5 Bc6 15.
Rad1 Ne4 16. Qg4 Nxc3 17. Bxc3 Qb6+ 18. Kh1 Rad8 19. Bd3 Qe3 20. Rde1 Qg5 21.
Qe2 Qh4 22. Rd1 Bg5 23. Be1 Qh6 24. Qg4 Rd5 25. Bg3 Rfd8 26. a4 g6 27. axb5 axb5
28. Be2 Rxd1 29. Rxd1 Rxd1+ 30. Bxd1 Bc1 31. Qd4 Qg5 32. Bf3 Bxf3 33. gxf3 Qf5
34. Qc3 b4 35. Qb3 h5 36. Kg2 g5 37. h3 h4 38. Bh2 Bf4 39. Bg1 Bxe5 40. Be3 Bd6
41. Qa4 Qe5 42. Kf2 Qg3+ 43. Ke2 Qg2+ 44. Kd3 Qxf3 0-1

[Event "20th European Teams Women"]
[Site "Reykjavik ISL"]
[Date "2015.11.16"]
[Round "4.8"]
[Board "2"]
[White "Matnadze, Ana"]
[Black "Zaksaite, Salomeja"]
[Result "1/2-1/2"]
[WhiteTitle "IM"]
[BlackTitle "WIM"]
[WhiteElo "2353"]
[BlackElo "2196"]
[WhiteTeam "Spain"]
[BlackTeam "Lithuania"]
[WhiteFideId "13601377"]
[BlackFideId "12801496"]
[EventDate "2015.11.13"]

1. Nf3 Nf6 2. c4 g6 3. Nc3 c5 4. e4 Nc6 5. d3 Bg7 6. g3 e6 7. Be3 b6 8. Bg2 Bb7
9. O-O O-O 10. h3 d5 11. exd5 exd5 12. Bg5 dxc4 13. dxc4 h6 14. Be3 Qxd1 15.
Raxd1 Rad8 16. Nh2 Na5 17. Bxb7 Nxb7 18. Nb5 Ne4 19. Nxa7 Ra8 20. Nc6 Rxa2 21.
b4 cxb4 22. Nxb4 Ra4 23. Nd5 Rxc4 24. Nxb6 Rc2 25. Rc1 Rb2 26. Nf3 Nbd6 27. Nc4
Nxc4 28. Rxc4 Re8 29. Bd4 Rb3 30. Bxg7 Kxg7 31. Rxe4 Rxe4 32. Nd2 Reb4 33. Nxb3
Rxb3 34. Kg2 h5 35. h4 Ra3 36. Rc1 Rb3 37. Rc6 Ra3 38. Rd6 Rb3 39. Ra6 Rc3 40.
Rb6 Ra3 41. Rc6 Rb3 1/2-1/2

[Event "20th European Teams Women"]
[Site "Reykjavik ISL"]
[Date "2015.11.16"]
[Round "4.8"]
[Board "3"]
[White "Batyte, Daiva"]
[Black "Hernandez Estevez, Yudania"]
[Result "0-1"]
[WhiteTitle "WFM"]
[BlackTitle "WIM"]
[WhiteElo "2147"]
[BlackElo "2207"]
[WhiteTeam "Lithuania"]
[BlackTeam "Spain"]
[WhiteFideId "12801860"]
[BlackFideId "2219344"]
[EventDate "2015.11.13"]

1. c4 b6 2. d4 Nf6 3. Nc3 e6 4. g3 Bb7 5. Nf3 Bxf3 6. exf3 d5 7. Bg2 c6 8. Qa4
Be7 9. O-O O-O 10. Be3 Qd7 11. Rac1 a6 12. Rfd1 b5 13. cxb5 cxb5 14. Qc2 Rc8 15.
Qd2 Nc6 16. Bf1 Ne8 17. Bd3 Nd6 18. b3 Ne8 19. Qe2 Ba3 20. Rb1 Nb4 21. Bc1 Nxd3
22. Qxd3 Bb4 23. Ne2 Rc6 24. Bf4 Rac8 25. Rdc1 Ba3 26. Rxc6 Qxc6 27. Bc1 Bd6 28.
Kf1 Qc2 29. Qxc2 Rxc2 30. Bb2 h5 31. h4 Kf8 32. a3 Ke7 33. Ke1 f6 34. Kd1 Rc6
35. Rc1 Rb6 36. Ra1 g6 37. f4 Ng7 38. Bc3 Nf5 39. Ra2 Kd7 40. Ba5 Rc6 41. Bd2
Be7 42. Ra1 Bf8 43. Rc1 Bxa3 44. Rxc6 Kxc6 45. Kc2 Bd6 46. Kd3 Bc7 47. f3 a5 48.
Be1 a4 49. b4 Nh6 50. Bd2 Bd6 51. Bc3 Nf5 52. Bd2 e5 53. fxe5 fxe5 54. dxe5 Bxe5
55. f4 Bf6 56. Bc1 Bd8 57. Be3 Bb6 58. Bxb6 Kxb6 59. Kc3 Kc6 60. Kc2 d4 61. Kd2
Kd5 62. Kd3 a3 63. Kc2 Kc4 64. Nc1 Nxg3 65. Nd3 Nf5 66. Ne5+ Kd5 67. Kb3 Nxh4
68. Kxa3 Nf5 69. Kb3 h4 70. Kc2 h3 71. Nf3 Nh4 72. Nh2 Ke4 0-1

[Event "20th European Teams Women"]
[Site "Reykjavik ISL"]
[Date "2015.11.16"]
[Round "4.8"]
[Board "4"]
[White "Calzetta Ruiz, Monica"]
[Black "Zykiene, Rita"]
[Result "1-0"]
[WhiteTitle "WGM"]
[WhiteElo "2252"]
[BlackElo "1913"]
[WhiteTeam "Spain"]
[BlackTeam "Lithuania"]
[WhiteFideId "2204185"]
[BlackFideId "12801348"]
[EventDate "2015.11.13"]

1. e4 d6 2. d4 Nf6 3. Nc3 g6 4. Be3 Bg7 5. Qd2 O-O 6. Bh6 c5 7. Bxg7 Kxg7 8. Nf3
Bg4 9. O-O-O cxd4 10. Qxd4 Nc6 11. Qe3 Bxf3 12. gxf3 Qa5 13. h4 h5 14. Rg1 Qc5
15. Qd2 Ne5 16. Rg3 Rac8 17. f4 Neg4 18. f3 Ne3 19. Re1 Nxf1 20. Rxf1 e6 21.
Rfg1 Kh7 22. Rg5 e5 23. f5 Rg8 24. fxg6+ Rxg6 25. Rd1 Kg7 26. Rxg6+ fxg6 27.
Qxd6 Qe3+ 28. Kb1 Qxf3 29. Qxe5 Kh7 30. Qd6 Rc6 31. Qe7+ Kh6 32. Qf8+ Kh7 33.
Rd7+ 1-0

[Event "20th European Teams Women"]
[Site "Reykjavik ISL"]
[Date "2015.11.16"]
[Round "4.9"]
[Board "1"]
[White "Houska, Jovanka"]
[Black "Danielian, Elina"]
[Result "1/2-1/2"]
[WhiteTitle "IM"]
[BlackTitle "GM"]
[WhiteElo "2391"]
[BlackElo "2474"]
[WhiteTeam "England"]
[BlackTeam "Armenia"]
[WhiteFideId "405094"]
[BlackFideId "13300210"]
[EventDate "2015.11.13"]

1. d4 Nf6 2. Nf3 e6 3. c4 d5 4. Nc3 Bb4 5. Bg5 h6 6. Bxf6 Qxf6 7. Qa4+ Nc6 8. e3
O-O 9. Be2 Bd7 10. Qb3 dxc4 11. Qxc4 a6 12. O-O Qe7 13. Rac1 b5 14. Qd3 Rfd8 15.
Rfd1 Be8 16. a3 Bd6 17. Ne4 e5 18. Nxd6 cxd6 19. dxe5 dxe5 20. Qe4 Qe6 21. g4
Ne7 22. Qxe5 Qxg4+ 23. Qg3 Qe6 24. Qe5 Qg4+ 25. Qg3 Qe6 26. Qe5 Qg4+ 27. Qg3 1/2-1/2

[Event "20th European Teams Women"]
[Site "Reykjavik ISL"]
[Date "2015.11.16"]
[Round "4.9"]
[Board "2"]
[White "Mkrtchian, Lilit"]
[Black "Ciuksyte, Dagne"]
[Result "1-0"]
[WhiteTitle "IM"]
[BlackTitle "IM"]
[WhiteElo "2439"]
[BlackElo "2356"]
[WhiteTeam "Armenia"]
[BlackTeam "England"]
[WhiteFideId "13300601"]
[BlackFideId "12800619"]
[EventDate "2015.11.13"]

1. Nf3 Nf6 2. g3 c5 3. Bg2 d5 4. O-O Nc6 5. d4 e6 6. c4 cxd4 7. Nxd4 Bc5 8. Nxc6
bxc6 9. Qc2 Be7 10. Nc3 O-O 11. Rd1 Ba6 12. cxd5 cxd5 13. e4 Qc8 14. Bg5 Re8 15.
exd5 exd5 16. Rac1 Rb8 17. Bxf6 Bxf6 18. Nxd5 Qxc2 19. Nxf6+ gxf6 20. Rxc2 Re2
21. Rxe2 Bxe2 22. Rd2 Bc4 23. b3 Be6 24. Be4 Rc8 25. Kg2 Kg7 26. Kf3 Rc5 27. Kf4
a5 28. Rd4 f5 29. Bd3 Kf6 30. Rd6 Re5 31. Rb6 Rd5 32. Ke3 Re5+ 33. Kd2 f4 34.
gxf4 Rh5 35. f5 1-0

[Event "20th European Teams Women"]
[Site "Reykjavik ISL"]
[Date "2015.11.16"]
[Round "4.9"]
[Board "3"]
[White "Chevannes, Sabrina L"]
[Black "Galojan, Lilit"]
[Result "0-1"]
[WhiteTitle "WIM"]
[BlackTitle "IM"]
[WhiteElo "2106"]
[BlackElo "2298"]
[WhiteTeam "England"]
[BlackTeam "Armenia"]
[WhiteFideId "411280"]
[BlackFideId "13301314"]
[EventDate "2015.11.13"]

1. d4 Nf6 2. Nf3 e6 3. c4 b6 4. g3 Bb7 5. Bg2 Be7 6. O-O O-O 7. Nc3 Ne4 8. Qc2
Nxc3 9. Qxc3 Bf6 10. b3 d6 11. Bb2 Nd7 12. Qc2 g6 13. Rad1 Qe7 14. Rfe1 Rad8 15.
Ba3 c5 16. e4 e5 17. d5 Bg7 18. Bc1 h6 19. Nh4 Rde8 20. Bd2 Kh7 21. Qd3 a6 22.
Bh3 Bc8 23. Qe2 Nf6 24. Bxc8 Rxc8 25. Ng2 Rfe8 26. g4 Qd7 27. f3 Qe7 28. Ne3 Nd7
29. Qf2 Bf6 30. Ng2 Rh8 31. h4 b5 32. Qg3 Rb8 33. g5 hxg5 34. hxg5 Bg7 35. Kf2
Kg8 36. Ne3 Rh5 37. Rg1 Nf8 38. Ng4 bxc4 39. bxc4 Rb2 40. Nh6+ Bxh6 41. gxh6 Nd7
42. Ke3 Nb6 43. Kd3 Qd7 44. Rh1 Qa4 45. Rxh5 Qxd1 46. h7+ Kh8 0-1

[Event "20th European Teams Women"]
[Site "Reykjavik ISL"]
[Date "2015.11.16"]
[Round "4.9"]
[Board "4"]
[White "Kursova, Maria"]
[Black "Bhatia, Kanwal K"]
[Result "1/2-1/2"]
[WhiteTitle "WGM"]
[BlackTitle "WFM"]
[WhiteElo "2307"]
[BlackElo "2072"]
[WhiteTeam "Armenia"]
[BlackTeam "England"]
[WhiteFideId "4129709"]
[BlackFideId "407496"]
[EventDate "2015.11.13"]

1. d4 Nf6 2. Nf3 c5 3. d5 b5 4. Bg5 Qb6 5. Bxf6 Qxf6 6. c3 Qb6 7. e4 g6 8. Nbd2
Bg7 9. a4 b4 10. a5 Qd8 11. Qc2 O-O 12. Bc4 d6 13. O-O Na6 14. Qd3 bxc3 15. bxc3
Nc7 16. Rfd1 Kh8 17. Nf1 a6 18. Ne3 Nb5 19. Rdc1 Rb8 20. Nd2 e6 21. Ra2 Qf6 22.
Nb1 Qe5 23. Re2 f5 24. exf5 exf5 25. Nf1 Qf6 26. f4 Bd7 27. Nfd2 Rfe8 28. Nf3
Rxe2 29. Qxe2 Re8 30. Qd3 Bh6 31. g3 Qd8 32. Nbd2 Qxa5 33. h4 Qa3 34. Rb1 Bg7
35. Rb3 Qa1+ 36. Nb1 Kg8 37. Nd2 Qa5 38. Kf2 Re7 39. Kf1 Qd8 40. Kf2 Qe8 41. Nf3
Qa8 42. Rb2 Bf6 43. Ra2 Qb7 44. Rb2 Qc8 45. Ng5 Nc7 46. Na3 Nb5 47. Nxb5 axb5
48. Bxb5 Bxb5 49. Rxb5 Qa8 50. Ne6 Qa2+ 51. Kf3 Qa8 52. Ke2 Qa2+ 53. Kd1 Qa4+
54. Ke2 Qa2+ 55. Kd1 Qa4+ 56. Ke2 Qa2+ 1/2-1/2

[Event "20th European Teams Women"]
[Site "Reykjavik ISL"]
[Date "2015.11.16"]
[Round "4.10"]
[Board "1"]
[White "Heinatz, Gundula"]
[Black "Botsari, Anna-Maria"]
[Result "1/2-1/2"]
[WhiteTitle "WIM"]
[BlackTitle "WGM"]
[WhiteElo "2204"]
[BlackElo "2324"]
[WhiteTeam "Switzerland"]
[BlackTeam "Greece"]
[WhiteFideId "4612434"]
[BlackFideId "4200446"]
[EventDate "2015.11.13"]

1. d4 Nf6 2. Nf3 e6 3. Bg5 c5 4. e3 cxd4 5. exd4 b6 6. Bd3 Bb7 7. O-O Be7 8.
Nbd2 O-O 9. Bxf6 Bxf6 10. c3 Nc6 11. Ne4 Be7 12. Qd2 Qc7 13. Rae1 h6 14. Ng3
Rfe8 15. Bc2 Ba6 16. Bd3 Bxd3 17. Qxd3 d5 18. Re3 Bd6 19. Rfe1 b5 20. Nh5 b4 21.
Ne5 f5 22. Nxc6 Qxc6 23. Qe2 Kf7 24. g3 Qd7 25. Qf3 bxc3 26. bxc3 g6 27. Nf4
Bxf4 28. Qxf4 Kg7 29. Qe5+ Kf7 30. Qf4 Kg7 31. Qe5+ Kf7 32. Qf4 Kg7 1/2-1/2

[Event "20th European Teams Women"]
[Site "Reykjavik ISL"]
[Date "2015.11.16"]
[Round "4.10"]
[Board "2"]
[White "Pavlidou, Ekaterini"]
[Black "De Seroux, Camille"]
[Result "0-1"]
[WhiteTitle "WIM"]
[BlackTitle "WFM"]
[WhiteElo "2235"]
[BlackElo "2053"]
[WhiteTeam "Greece"]
[BlackTeam "Switzerland"]
[WhiteFideId "4213262"]
[BlackFideId "1305620"]
[EventDate "2015.11.13"]

1. d4 Nf6 2. c4 g6 3. Nc3 Bg7 4. e4 d6 5. Bd3 O-O 6. Nge2 c5 7. d5 e6 8. Bg5
exd5 9. exd5 Nbd7 10. f4 Re8 11. O-O h6 12. Bh4 a6 13. a4 Qa5 14. h3 Rb8 15. Qc2
Nf8 16. Ra3 Bd7 17. Bxf6 Bxf6 18. Ne4 Be7 19. f5 Bxf5 20. N2g3 Bxe4 21. Nxe4 Nd7
22. Nxd6 Bxd6 23. Bxg6 Re7 24. Bxf7+ Rxf7 25. Rxf7 Kxf7 26. Qh7+ Ke8 27. Qh8+
Bf8 28. Re3+ Kd8 29. Re2 Qxa4 30. Qg8 Qd1+ 31. Kf2 Qd4+ 32. Ke1 Qg1+ 33. Kd2
Qd4+ 34. Ke1 Kc7 35. Re6 Bd6 36. Qg6 Qf4 0-1

[Event "20th European Teams Women"]
[Site "Reykjavik ISL"]
[Date "2015.11.16"]
[Round "4.10"]
[Board "3"]
[White "Stoeri, Laura"]
[Black "Tsolakidou, Stavroula"]
[Result "0-1"]
[WhiteTitle "WFM"]
[BlackTitle "WIM"]
[WhiteElo "2115"]
[BlackElo "2268"]
[WhiteTeam "Switzerland"]
[BlackTeam "Greece"]
[WhiteFideId "1304313"]
[BlackFideId "4264312"]
[EventDate "2015.11.13"]

1. e4 c5 2. Nf3 d6 3. d4 cxd4 4. Nxd4 Nf6 5. Nc3 a6 6. h3 Nc6 7. g4 Qb6 8. Nb3
e6 9. Bg2 Be7 10. a4 O-O 11. O-O Nd7 12. Qe2 Re8 13. Be3 Qc7 14. f4 b6 15. Qf2
Rb8 16. Rae1 b5 17. axb5 axb5 18. f5 Nde5 19. g5 Bf8 20. f6 b4 21. Ne2 Ba6 22.
Ra1 Bc4 23. Nd2 g6 24. Rfd1 Bxe2 25. Qxe2 Na5 26. Nb3 Nac4 27. Bd4 Ra8 28. Nd2
Nxd2 29. Qxd2 Nc4 30. Qxb4 d5 31. Qe1 e5 32. Rxa8 Rxa8 33. exd5 exd4 34. d6 Qa7
35. Bxa8 d3+ 36. Qf2 dxc2 37. Rc1 Qxa8 38. Rxc2 Nxd6 39. Re2 Ne4 40. Qe3 Bc5 0-1

[Event "20th European Teams Women"]
[Site "Reykjavik ISL"]
[Date "2015.11.16"]
[Round "4.10"]
[Board "4"]
[White "Markantonaki, Haritomeni"]
[Black "Georgescu, Lena"]
[Result "1/2-1/2"]
[WhiteTitle "WFM"]
[WhiteElo "2213"]
[BlackElo "2014"]
[WhiteTeam "Greece"]
[BlackTeam "Switzerland"]
[WhiteFideId "4207050"]
[BlackFideId "1331973"]
[EventDate "2015.11.13"]

1. e4 c5 2. Nf3 d6 3. d4 cxd4 4. Nxd4 Nf6 5. Nc3 Nc6 6. Bg5 e6 7. Qd2 a6 8. Nxc6
bxc6 9. O-O-O Be7 10. Bxf6 gxf6 11. Bc4 Qb6 12. Bb3 Rb8 13. f4 a5 14. Rhe1 Rg8
15. f5 Bf8 16. Qe2 Ke7 17. Qf3 Qc5 18. Kb1 Qe5 19. g3 Kd8 20. Rf1 Bd7 21. fxe6
fxe6 22. Qxf6+ Qxf6 23. Rxf6 Bg7 24. Rf3 Ke7 25. Rdf1 Rgf8 26. Rxf8 Bxf8 27. Rf4
Bg7 28. Nd1 Be8 29. c3 Bg6 30. Bc2 Be5 31. Rf1 h5 32. a3 h4 33. gxh4 Rh8 34. Rg1
Kf7 35. Ne3 Rxh4 36. Nc4 Bxh2 37. Rf1+ Ke8 38. Nxa5 c5 39. Rf6 Bf7 40. b4 Be5
41. Rf3 cxb4 42. axb4 Bf4 43. Kb2 e5 44. Nb7 Ke7 45. Rd3 Rh1 46. Rd1 Rxd1 47.
Bxd1 d5 48. exd5 Bxd5 49. Nc5 Be3 50. Nd3 Kd6 51. Ne1 e4 52. Nc2 Bb6 53. Be2 e3
54. c4 Be4 55. Na3 Bd4+ 56. Kb3 Ke5 57. Nb5 Bb6 58. c5 Bd8 59. Kc4 Kf4 60. Nd4
Kg3 61. c6 Kf2 62. b5 Bb6 63. Bd3 Bxd3+ 64. Kxd3 Bxd4 65. c7 e2 66. c8=Q e1=Q
67. Qf5+ Kg1 68. Kxd4 Qb4+ 69. Ke3 Qe1+ 70. Kf4 Qb4+ 71. Kg5 Qe7+ 72. Kh5 Qa7
73. Qg6+ Kh1 74. b6 Qa5+ 75. Kh6 Qd2+ 76. Kh7 Qd7+ 77. Qg7 Qd3+ 78. Qg6 Qd7+ 79.
Kh6 Qd2+ 80. Kh5 Qh2+ 81. Kg5 Qg1+ 82. Kh6 Qe3+ 83. Kg7 Qe7+ 84. Kh8 Qd8+ 85.
Kh7 Qd7+ 1/2-1/2

[Event "20th European Teams Women"]
[Site "Reykjavik ISL"]
[Date "2015.11.16"]
[Round "4.11"]
[Board "1"]
[White "Mammadova, Gulnar"]
[Black "Sahl, Sheila Barth"]
[Result "1-0"]
[WhiteTitle "WGM"]
[BlackTitle "WIM"]
[WhiteElo "2303"]
[BlackElo "2190"]
[WhiteTeam "Azerbaijan"]
[BlackTeam "Norway"]
[WhiteFideId "13403508"]
[BlackFideId "1500953"]
[EventDate "2015.11.13"]

1. e4 c5 2. Nf3 d6 3. d4 cxd4 4. Qxd4 Nf6 5. Bg5 Nc6 6. Bb5 Bd7 7. Bxc6 Bxc6 8.
Nc3 e6 9. Qd3 h6 10. Bh4 g5 11. Bg3 e5 12. O-O-O Qa5 13. Rhe1 Be7 14. Kb1 Rc8
15. Nd2 b5 16. Nd5 Nxd5 17. exd5 Bd7 18. Nb3 Qd8 19. Nd4 O-O 20. Nf5 Bxf5 21.
Qxf5 Rc4 22. Qd3 Qb6 23. f3 Rfc8 24. Rd2 Qb7 25. Bf2 Qd7 26. g3 Bd8 27. Ree2 a5
28. Rd1 a4 29. f4 exf4 30. Bd4 Rxd4 31. Qxd4 f3 32. Re3 Rc4 33. Qd3 g4 34. Rde1
Bf6 35. h3 f2 36. Rf1 Rd4 37. Qe2 Bg5 38. Re8+ Kg7 39. Qxf2 Rd2 40. Re2 Rxe2 41.
Qxe2 gxh3 42. g4 b4 43. Qf3 Qe7 44. Qxh3 Qe5 45. Qd3 Bf6 46. c3 bxc3 47. bxc3 a3
48. Kc2 Qh2+ 49. Qd2 Qh3 50. Rf2 Be5 51. Kb3 Kf8 52. Re2 Qxg4 53. Qxh6+ Ke7 54.
Qe3 f5 55. Qd3 Kf6 56. Kxa3 Qg1 57. Kb2 f4 58. Qh3 Qg8 59. Qh6+ Ke7 60. Qxf4
Qxd5 61. Qh4+ Kd7 62. Qa4+ Kc7 63. Rf2 Qg8 64. Rf7+ Kb6 65. Qb3+ 1-0

[Event "20th European Teams Women"]
[Site "Reykjavik ISL"]
[Date "2015.11.16"]
[Round "4.11"]
[Board "2"]
[White "Koskela, Niina"]
[Black "Kazimova, Narmin"]
[Result "1-0"]
[WhiteTitle "WGM"]
[BlackTitle "WGM"]
[WhiteElo "2204"]
[BlackElo "2323"]
[WhiteTeam "Norway"]
[BlackTeam "Azerbaijan"]
[WhiteFideId "500755"]
[BlackFideId "13402951"]
[EventDate "2015.11.13"]

1. e4 c5 2. Nf3 d6 3. d4 cxd4 4. Nxd4 Nf6 5. Nc3 a6 6. Be2 e6 7. O-O Be7 8. a4
Nc6 9. Be3 Qc7 10. f4 O-O 11. Kh1 Bd7 12. Bd3 Nb4 13. a5 Nxd3 14. cxd3 Bc6 15.
Nf3 Rac8 16. Nd2 Rfe8 17. Qe1 Qd7 18. Nc4 Qc7 19. Bb6 Qb8 20. Bd4 Nd7 21. Qg3
Bf8 22. f5 d5 23. fxe6 Qxg3 24. exf7+ Kh8 25. fxe8=Q Rxe8 26. hxg3 dxc4 27. dxc4
Kg8 28. Rf4 Bd6 29. Rf5 g6 30. Rf3 Ne5 31. Rf6 Nxc4 32. b3 Be5 33. Bxe5 Nxe5 34.
Nd5 Nd7 35. Rd6 Kg7 36. Nb4 Bb5 37. Re1 Ne5 38. Nd5 Nd3 39. Re3 Nf2+ 40. Kg1
Nxe4 41. Rb6 Rd8 42. Rxb7+ Kh6 43. Rxe4 Rxd5 44. Rc7 Rd3 45. Rh4+ Kg5 46. Rc5+
Kf6 47. Rb4 Rd1+ 48. Kf2 Rd2+ 49. Kf3 Bf1 50. Rb6+ Kg7 51. g4 Kh6 52. g5+ Kh5
53. g3 Rd7 54. Rb4 Rf7+ 55. Rf4 1-0

[Event "20th European Teams Women"]
[Site "Reykjavik ISL"]
[Date "2015.11.16"]
[Round "4.11"]
[Board "3"]
[White "Abdulla, Khayala"]
[Black "Dolzhikova, Olga"]
[Result "1/2-1/2"]
[WhiteTitle "WGM"]
[BlackTitle "WGM"]
[WhiteElo "2283"]
[BlackElo "2145"]
[WhiteTeam "Azerbaijan"]
[BlackTeam "Norway"]
[WhiteFideId "13401807"]
[BlackFideId "14105870"]
[EventDate "2015.11.13"]

1. e4 c6 2. d4 d5 3. Nc3 dxe4 4. Nxe4 Nf6 5. Nxf6+ gxf6 6. c3 h5 7. Nf3 Bf5 8.
g3 Qd5 9. Bg2 Qc4 10. Qb3 Qxb3 11. axb3 e6 12. Bf4 Nd7 13. Nd2 e5 14. Be3 a6 15.
b4 O-O-O 16. Ra5 Bd6 17. d5 cxd5 18. Rxd5 Bc7 19. Ne4 Be6 20. Rd2 f5 21. Ng5 Nb6
22. Nxe6 fxe6 23. Rxd8+ Bxd8 24. h4 Nc4 25. Bc1 e4 26. Bf1 Ne5 27. Be2 Kd7 28.
O-O Bb6 29. Rd1+ Kc6 30. c4 Ng4 31. b5+ axb5 32. cxb5+ Kc7 33. Bf4+ e5 34. Bxg4
exf4 35. Bxf5 fxg3 36. Rd7+ Kb8 37. Bxe4 gxf2+ 38. Kf1 Be3 39. Rxb7+ Kc8 40. Rf7
Rd8 41. Bb7+ Kb8 42. Bf3 Rg8 43. Bg2 Rg6 44. Rf5 Bb6 45. Re5 Kc7 46. b4 Bd4 47.
Rd5 Rd6 48. Rxh5 Re6 49. Rc5+ Kb8 50. Rc1 Re5 51. Rd1 Bb6 52. Bc6 Rh5 53. Rd7
Kc8 54. Rb7 Bd4 55. b6 Re5 56. Rc7+ Kb8 57. Rb7+ Kc8 58. Rc7+ Kb8 59. Rb7+ Kc8
60. Rc7+ Kb8 61. Kg2 Re1 1/2-1/2

[Event "20th European Teams Women"]
[Site "Reykjavik ISL"]
[Date "2015.11.16"]
[Round "4.11"]
[Board "4"]
[White "Reppen, Ellisiv"]
[Black "Fataliyeva, Ulviyya"]
[Result "0-1"]
[BlackTitle "WIM"]
[WhiteElo "2058"]
[BlackElo "2294"]
[WhiteTeam "Norway"]
[BlackTeam "Azerbaijan"]
[WhiteFideId "1504959"]
[BlackFideId "13403052"]
[EventDate "2015.11.13"]

1. e4 e6 2. d4 d5 3. Nc3 Nc6 4. e5 f6 5. Nf3 Qe7 6. Bb5 Bd7 7. O-O O-O-O 8. Qe2
Qf7 9. Be3 h6 10. a4 f5 11. Bxc6 Bxc6 12. Nb5 Kb8 13. c4 f4 14. Bd2 dxc4 15.
Rfc1 Bd5 16. b3 c6 17. Nc3 Bxf3 18. Qxf3 cxb3 19. Rcb1 Rxd4 20. Be3 Rb4 21. a5
g5 22. Bc1 Qf5 23. Qd1 Kc8 24. Ba3 b2 25. Ra2 Rh7 26. Bxb4 Bxb4 27. Raxb2 Bxa5
28. Qb3 f3 29. Ne4 Qxe5 30. Qxf3 Rd7 31. Ng3 Bb6 32. Re2 Qd5 33. Qf8+ Rd8 34.
Qf7 Qd7 35. Qf3 Qd6 36. Rbe1 Rf8 37. Qb3 Qd5 38. Qc2 Ne7 39. Ne4 Kc7 40. Rd1 Qf5
41. Qb2 Nd5 42. Qa3 Rd8 43. Kh1 e5 44. Ng3 Qf6 45. Ne4 Qg6 46. Qg3 Qf5 47. h3
Qf4 48. Qa3 g4 49. Rd3 gxh3 50. Rxh3 Ne3 51. Nc3 Ng4 52. Rf3 Qh2# 0-1

[Event "20th European Teams Women"]
[Site "Reykjavik ISL"]
[Date "2015.11.16"]
[Round "4.12"]
[Board "1"]
[White "Hoiberg, Nina"]
[Black "Unuk, Laura"]
[Result "1-0"]
[WhiteTitle "WIM"]
[BlackTitle "WIM"]
[WhiteElo "2200"]
[BlackElo "2297"]
[WhiteTeam "Denmark"]
[BlackTeam "Slovenia"]
[WhiteFideId "1400720"]
[BlackFideId "14609215"]
[EventDate "2015.11.13"]

1. e4 e6 2. d4 d5 3. Nd2 Nf6 4. e5 Nfd7 5. Bd3 c5 6. c3 Nc6 7. Ne2 cxd4 8. cxd4
f6 9. exf6 Nxf6 10. Nf3 Qc7 11. O-O Bd6 12. Bg5 O-O 13. Rc1 h6 14. Bh4 Nh5 15.
Bg6 Nf4 16. Nxf4 Bxf4 17. Rc3 Bd7 18. Re1 Be8 19. Bb1 Bh5 20. Qc2 g5 21. Bg3 Bg4
22. Bxf4 Rxf4 23. Ne5 Bf5 24. Qc1 Qg7 25. Nxc6 bxc6 26. Bxf5 Rxf5 27. Rxc6 Qxd4
28. Qe3 Qxe3 29. Rxe3 e5 30. g4 Rf4 31. Rxe5 Rxg4+ 32. Kf1 Rh4 33. Kg2 d4 34.
Rg6+ Kh7 35. Rd6 Rg4+ 36. Kf1 Rh4 37. Re7+ Kg8 38. Kg2 Rg4+ 39. Kh3 h5 40. Rdd7
Rh4+ 41. Kg2 Rg4+ 42. Kf1 a6 43. h3 Rh4 44. Kg2 g4 45. Rg7+ Kh8 46. Rh7+ Kg8 47.
Rdg7+ Kf8 48. hxg4 d3 49. Rd7 Rxg4+ 50. Kf3 Kg8 51. Rxh5 Rb4 52. Rg5+ Kh8 53.
Rxd3 Rxb2 54. Kg2 Ra7 55. Rh3+ Rh7 56. Rxh7+ Kxh7 57. Ra5 Rb6 58. f4 Kg6 59. Kf3
Kf6 60. Kg4 Kg6 61. Rg5+ Kf6 62. Rh5 Kg7 63. a4 Rb4 64. a5 Ra4 65. Rc5 Kf7 66.
Kg5 Ra1 67. f5 Rg1+ 68. Kf4 Ra1 69. Ke5 Re1+ 70. Kd6 Kf6 71. Kc7 Rb1 72. Rc6+
Kxf5 73. Rxa6 Ra1 74. Ra8 Kf6 75. a6 Kf7 76. Kb7 Rb1+ 77. Ka7 Ke7 78. Rb8 Rc1
79. Rb5 Kd7 80. Kb7 Rc7+ 81. Kb6 Rc6+ 82. Ka5 Rc7 83. Rh5 Kc6 84. Rh6+ Kc5 85.
Rb6 Rh7 86. Rb7 Rh1 87. Rc7+ Kd6 88. Rc2 Rb1 89. a7 Ra1+ 90. Kb6 Kd7 91. Rc7+
Kd6 92. Rh7 Ra2 93. Kb7 Rb2+ 94. Kc8 Ra2 95. Kb8 Rb2+ 96. Rb7 1-0

[Event "20th European Teams Women"]
[Site "Reykjavik ISL"]
[Date "2015.11.16"]
[Round "4.12"]
[Board "2"]
[White "Krivec, Jana"]
[Black "De Blecourt, Sandra"]
[Result "1-0"]
[WhiteTitle "WGM"]
[BlackTitle "WFM"]
[WhiteElo "2259"]
[BlackElo "2141"]
[WhiteTeam "Slovenia"]
[BlackTeam "Denmark"]
[WhiteFideId "14601982"]
[BlackFideId "1004948"]
[EventDate "2015.11.13"]

1. e4 c5 2. Nc3 Nc6 3. Bb5 Nd4 4. Nf3 e6 5. O-O Ne7 6. Nxd4 cxd4 7. Ne2 a6 8.
Bd3 d5 9. e5 Nc6 10. f4 Nb4 11. a3 Nxd3 12. cxd3 Bd7 13. Kh1 Qb6 14. b4 Bb5 15.
Qb3 a5 16. Bb2 axb4 17. axb4 Rxa1 18. Rxa1 Ba6 19. Rc1 Kd7 20. Bxd4 Qb5 21. Qc2
Qc6 22. Bc3 Qb5 23. Nd4 Qxd3 24. Qa4+ Kd8 25. b5 Bc5 26. bxa6 Bxd4 27. Bxd4 Qxa6
28. Qxa6 bxa6 29. Bb6+ Kd7 30. Rc7+ Kd8 31. Ra7+ 1-0

[Event "20th European Teams Women"]
[Site "Reykjavik ISL"]
[Date "2015.11.16"]
[Round "4.12"]
[Board "3"]
[White "Stolberg-Rohr, Thomine"]
[Black "Srebrnic, Ana"]
[Result "1-0"]
[WhiteTitle "WFM"]
[BlackTitle "WGM"]
[WhiteElo "1985"]
[BlackElo "2238"]
[WhiteTeam "Denmark"]
[BlackTeam "Slovenia"]
[WhiteFideId "1504258"]
[BlackFideId "14603314"]
[EventDate "2015.11.13"]

1. e4 e5 2. Nf3 Nc6 3. Bb5 a6 4. Ba4 d6 5. O-O Bd7 6. c3 Nge7 7. d4 Ng6 8. Be3
Be7 9. Nbd2 h6 10. b4 Bf6 11. Rb1 O-O 12. d5 Nce7 13. Bxd7 Qxd7 14. c4 Nf4 15.
Ne1 Bg5 16. Ndf3 Bf6 17. Nd3 g5 18. Bxf4 gxf4 19. Kh1 Qg4 20. Nd2 Qg6 21. Rb3
Bg5 22. f3 Kh8 23. c5 Rg8 24. Rg1 Bh4 25. Nf1 f5 26. Qe2 Qh5 27. Rb2 Raf8 28.
Ne1 Rg7 29. Nd2 Rfg8 30. cxd6 cxd6 31. Nc4 Rg6 32. Nd3 fxe4 33. Qxe4 Nf5 34. Rc1
Ng3+ 35. hxg3 fxg3 36. Kg1 Bf6 37. Ne1 Bg5 38. Rcc2 Qh2+ 39. Kf1 Rf6 40. Ke2 Rf4
41. Nxd6 Rxe4+ 42. Nxe4 Qg1 43. Rb3 Bd8 44. d6 Bb6 45. Rd3 Bf2 46. Rc1 Bxe1 47.
d7 Qxg2+ 48. Kxe1 Qh1+ 49. Kd2 g2 50. d8=Q Rxd8 51. Rxd8+ Kg7 52. Rc7+ Kg6 53.
Rg8+ Kh5 54. Ng3+ Kh4 55. Rc4+ Kh3 56. Nf5 Kh2 57. Rh4+ Kg1 58. Rxh1+ Kxh1 59.
Nxh6 1-0